000
00328nam a2200157Ia 4500
100
_a
Ahson/Syed A/ Ilyas/Mohammad
650
_a
Handbook
942
_c
RB
366
_f
20
245
_a
VO IP Handbook:Applications
260
_b
CRC
_c
2013
082
_a
384.5
_b
AHS
300
_a
454
546
_a
ENGLISH
_c
TTL
999
_c
32322
_d
32322